Iniciacin̤ a la Contabilidad desde cero

Bibliographic Details
Main Author: Gutiřrez Viguera, Manuel
Other Authors: Couso Ruano, ℓlvaro
Format: eBook
Language:Spanish
Published: Bogot:̀ Ediciones de la U, 2013
Subjects:
Online Access:Acceso restringido

MARC

LEADER 00000nam a22000007a 4500
005 20210514220035.0
007 cr|||| ||||
008 210514s2013 co |||||s|||| 00||0 spa d
020 |a 978-958-762-147-1 
035 |a 33381 
040 |a vLex 
090 |c 11663  |d 11663 
100 1 |a Gutiřrez Viguera, Manuel 
245 1 0 |a Iniciacin̤ a la Contabilidad desde cero  |h [Recurso electrn̤ico] /  |c Manuel Gutiřrez Viguera, ℓlvaro Couso Ruano 
256 |a Servicio en ln̕ea 
260 |a Bogot:̀  |b Ediciones de la U,  |c 2013 
300 |a 1 recurso electrn̤ico 
500 |a La contabilidad, como otras ramas del conocimiento humano, naci ̤de la prc̀tica. En su origen fue simplemente empr̕ica y responda̕ a necesidades de registro de operaciones para los comerciantes. Para esta faceta de simple registro de operaciones se desarroll ̤el sistema de partida doble, que desde hace muchos aǫs y en la actualidad, es de general aceptacin̤ y universalidad. 
506 1 |a Disponible solo en los productos indicados  |d vLex Global  |d vLex Global (Academic Edition, excluding Law Schools)  |d vLex Global (U.S. Academic Edition, Law Schools)  |d vLex Global (U.S. Academic Edition, excluding Law Schools)  |d vLex Global (Academic Edition, Law Schools) 
650 0 4 |a Contabilidad  |z Colombia 
650 0 4 |a Banca y finanzas  |z Colombia 
700 1 |a Couso Ruano, ℓlvaro 
740 0 |a vLex Libros (Servicio en ln̕ea) 
856 4 0 |u https://vlex.com/source/iniciacion-a-la-contabilidad-desde-cero-33381  |z Acceso restringido 
942 |c BOOK 
999 0 |a Accounting 
999 0 |a Banking and finance